01069nam a2200193 a 4500008004100000050001600041110004700057245008000104260003700184300001800221350000900239650002700248650004000275995015200315995013800467999001700605952012800622952012500750081119s1969 ||||||||||||||||| || u aGOV.ZAM(02) aGovernment of the Republic of Zambia (GRZ)10aZambian manpowercBy the Development Division. Office of the Vice-President aLusakabGovernment Printerc1969 avi, 122p:ill. a0.00 aLABOR SUPPLY -- ZAMBIA aHUMAN RESOURCES DEVELOPMENT--ZAMBIA aSPECIAL COLLECTIONSD0.00e700861FCBU-MAIN LIBRARY (Kitwe)H1I0.00jGOV.ZAM(02)1969/1AM1UAVAILABLEWNov 19, 2008y03003155ZZambiana Collection aSPECIAL COLLECTIONSe1635FCBU-MAIN LIBRARY (Kitwe)I0.00jGOV.ZAM(02)1969/1BM2UAVAILABLEWSep 18, 2014yB1635ZZambiana Collection c83424d83424 00102lcc4070a001b001cZambiana Collectiond2023-10-30l0oGOV.ZAM(02)1969/1Ap03003155r2023-10-30t1w2023-10-30y023 00102lcc4070a001b001cZambiana Collectiond2023-10-30l0oGOV.ZAM(02)1969/1BpB1635r2023-10-30t2w2023-10-30y023